000 00460nam a2200181Ia 4500
001 4290
005 20260306145745.0
008 260306t2006||||xx |||||||||||||| ||spa||
041 _aESP
082 _a320.3
_bT85
100 _aTsebelis, George
_eAUT
245 0 _aJugadores con veto :
_bcómo funcionan las instituciones políticas
260 _c2006
300 _axvii, 409 páginas :
_ccm.
650 _aGEN
654 _aCDE
942 _cLIB
_dJUS
_fJUS
_2ddc
_n
999 _c4290
_d4290